| 000 | 01567nam a2200253 b 4500 | ||
|---|---|---|---|
| 003 | 3228 | ||
| 005 | 20240620121618.0 | ||
| 008 | 210804s9999 xx 000 0 und d | ||
| 020 | _a9780702189180(Paperback) | ||
| 040 |
_bEnglish _c3228 _erda |
||
| 041 | _dEnglish | ||
| 082 | _a651.3 FUND | ||
| 245 | 0 | _aFundamentals of office management | |
| 260 |
_aCape Town, South Africa: _bJuta and Co. Ltd, _c2013. |
||
| 300 |
_ax, 182 pages: _bIllustrations; _c25 cm |
||
| 504 | _aInclude bibliography and Index | ||
| 520 | _aFundamentals of Office Management is aimed specifically at students studying office management and business administration at higher education institutions, as well as employees in an office environment. The topics covered have been identified by researching the tasks and responsibilities of office professionals in different organisations in South Africa. Fundamentals of Office Management will not only provide future and current office staff with a solid foundation in most aspects of the office environment, it will also enable them to be more productive in the office environment | ||
| 521 | _aAdult | ||
| 600 |
_vFinance ; Management Business meetings Business communication Office management Office practice ; Management Budget in business Office equipment and supplies Information storage and retrieval systems ; Business Customer service ; Management _9187237 |
||
| 610 |
_vSouth Africa _9183486 |
||
| 648 |
_v _9187238 |
||
| 700 |
_aEJ Ferreira _eEditor _9187239 |
||
| 942 |
_2ddc _cBOOK _h651.3 FUND _y166 _zThoko Moyakene |
||
| 999 |
_c50485 _d50484 |
||